Plan nacional de contingencia contra derrames de hidrocarburos, derivados y sustancias nocivas, en aguas marinas, fluviales y lacustres / (Registro nro. 8023)

Detalles MARC
000 -LEADER
fixed length control field 00835nam a2200217Ia 4500
003 - CONTROL NUMBER IDENTIFIER
control field OSt
005 - DATE AND TIME OF LATEST TRANSACTION
control field 20210613210505.0
008 - FIXED-LENGTH DATA ELEMENTS--GENERAL INFORMATION
fixed length control field 210310s1999 ck gr 000 0 spa d
040 ## - CATALOGING SOURCE
Original cataloging agency CO-JMCR
Transcribing agency CO-JMCR
041 0# - LANGUAGE CODE
Language code of text/sound track or separate title spa
082 04 - DEWEY DECIMAL CLASSIFICATION NUMBER
Classification number 333.82316 /
Item number C718p
Edition number 23
110 1# - MAIN ENTRY--CORPORATE NAME
Corporate name or jurisdiction name as entry element Colombia.
Subordinate unit Ministerio del Interior
9 (RLIN) 3663
245 10 - TITLE STATEMENT
Title Plan nacional de contingencia contra derrames de hidrocarburos, derivados y sustancias nocivas, en aguas marinas, fluviales y lacustres /
Statement of responsibility, etc. Ministerio del Interior
260 ## - PUBLICATION, DISTRIBUTION, ETC.
Place of publication, distribution, etc. Bogotá :
Name of publisher, distributor, etc. Ministerio del Interior,
Date of publication, distribution, etc. 1999
300 ## - PHYSICAL DESCRIPTION
Extent 152 páginas ;
Dimensions 24 cm.
490 0# - SERIES STATEMENT
Series statement Serie documentos ;
Volume/sequential designation 6
504 ## - BIBLIOGRAPHY, ETC. NOTE
Bibliography, etc. note Bibliografía: páginas 149-152
505 0# - FORMATTED CONTENTS NOTE
Formatted contents note Plan estratégico -- Plan operativo --Plan informático
650 14 - SUBJECT ADDED ENTRY--TOPICAL TERM
Topical term or geographic name entry element Derrame de petróleo
9 (RLIN) 16115
General subdivision Prevención
Geographic subdivision Colombia
942 ## - ADDED ENTRY ELEMENTS (KOHA)
Source of classification or shelving scheme Dewey Decimal Classification
Koha item type Books
Existencias
Withdrawn status Lost status Source of classification or shelving scheme Damaged status Not for loan Collection code Home library Current library Date acquired Source of acquisition Full call number Barcode Date last seen Copy number Koha item type
    Dewey Decimal Classification     Non-fiction Biblioteca Pública José María del Castillo y Rada Biblioteca Pública José María del Castillo y Rada 04/15/2018 Donación 333.82316 / C718p 430003680 05/16/2024 Ej.1 Books